Представление документа в формате MARC21

ПолеНазваниеЗначение
  Тип записи a
  Библиографический уровень m
001 Контрольный номер RU\infra-m\znanium\bibl\2225736
005 Дата корректировки 20260429142111.8
008 Кодируемые данные 250908s2025 RU g rus u
020 Индекс ISBN __
a ISBN 978-5-9729-2270-3
040 Источник каталогиз. __
a Служба первич. каталог. Общество с ограниченной ответственностью «ЗНАНИУМ»
041 Код языка издания __
a Код языка текста rus
044 Код страны публикации __
a Код страны публикации RU
080 Индекс УДК __
a Индекс УДК 621
084 Индекс другой классификации/Индекс ББК __
2 Источник индекса rubbk
a Индекс другой классификации/Индекс ББК 328
084 Индекс другой классификации/Индекс ББК __
2 Источник индекса okso
a Индекс другой классификации/Индекс ББК 05.03.04
084 Индекс другой классификации/Индекс ББК __
2 Источник индекса okso
a Индекс другой классификации/Индекс ББК 05.03.05
084 Индекс другой классификации/Индекс ББК __
2 Источник индекса okso
a Индекс другой классификации/Индекс ББК 05.04.04
084 Индекс другой классификации/Индекс ББК __
2 Источник индекса okso
a Индекс другой классификации/Индекс ББК 05.04.05
100 Автор __
a Автор Болелов Э.А.
q Полное имя Болелов Эдуард Анатольевич
u Дополнение Московский государственный технический университет гражданской авиации
245 Заглавие __
a Заглавие Комплексные системы радиозондирования атмосферы
b Продолж. заглавия Монография
c Ответственность Московский государственный технический университет гражданской авиации
250 Сведения об издании __
a Основные сведения об издании 1
260 Выходные данные __
a Место издания Вологда
b Издательство Инфра-Инженерия
c Дата издания 2025
300 Физическое описание __
a Объем 156 с.
520 Аннотация __
a Аннотация Монография посвящена проблеме создания комплексных систем радиозондирования атмосферы обоснованию их технического облика и синтезу алгоритмов комплексной обработки метеоинформации на основе методов марковской теории оценивания случайных процессов и полей. Анализ современных систем радиозондирования проведенный в монографии показал что каждой из них присущ ряд принципиальных недостатков устранить которые в рамках самой системы практически невозможно а значит невозможно обеспечить высокую точность и помехоустойчивость данных радиозондирования атмосферы. Авторами предложены два варианта структуры комплексной системы радиозондирования атмосферы разработаны алгоритмы комплексной обработки информации о пространственном положении радиозонда и алгоритмы обработки метеоданных поступающих по каналам телеметрии. Методами математического моделирования проведена оценка качества полученных алгоритмов. Для специалистов занимающихся разработкой и применением технических средств радиозондирования атмосферы. Может быть полезно аспирантам и студентам радиотехнических гидрометеорологических и приборостроительных специальностей.
521 Примеч. о цел. назн. __
a Примеч. о целев. назн. ВО - Специалитет
650 Тематические рубрики __
a Основная рубрика Радиоэлектроника. Автоматика. Связь
x Основная подрубрика Радиотехнические измерения
655 Указ. предметных рубрик (устаревшее) __
a Жанр/ форма (устаревшее) Монография
700 Другие авторы __
a Другие авторы Фридзон М.Б.
q Полное имя Фридзон Марк Борисович
u Дополнение Московский государственный технический университет гражданской авиации
700 Другие авторы __
a Другие авторы Ермошенко Ю.М.
q Полное имя Ермошенко Юлия Марковна
856 Электронный адрес документа 4_
a Имя сервера/домена znanium.ru
m Помощь ebs_support@infra-m.ru
n Местонахождение сервера НИЦ ИНФРА-М
u URL https://znanium.ru/catalog/document?id=469439
856 Электронный адрес документа 48
a Имя сервера/домена znanium.ru
d Путь /cover/2225
f Электронное имя 2225736.jpg
q Тип электронного формата image/jpeg
u URL https://znanium.ru/cover/2225/2225736.jpg
911 __
u 0030=https://znanium.ru/catalog/document?id=469439